عرض عادي
عرض مارك
- Palastanga, Nigel.
مدخل إسم شخص
001 - رقم الضبط
- حقل الضبط: 36259
003 - معرف رقم الضبط
- حقل الضبط: OSt
005 - تاريخ ووقت أخر عملية
- حقل الضبط: 20130629183100.0
008 - عناصر بيانات ثابتة الطول
- حقل تحكم ثابت الطول: 130629|||a|||||| | ||| d
040 ## - مصدر الفهرسة
- هيئة الفهرسة الأصلية: OSt
- وكالة الكتابة: OSt
100 ## - مدخل -- أسم شخص
- إسم شخص: Palastanga, Nigel.
670 ## - بيانات المصدر موجوده
- الاستشهاد بالمصدر: Work cat.: (OSt): Palastanga, Nigel., Anatomy and human movement / , 2012
